|
|
|
|
| LEADER |
00783nam a2200241 a 4500 |
| 001 |
000631533 |
| 003 |
CZ BrMZK |
| 005 |
20040621141312.0 |
| 007 |
ta |
| 008 |
021018s1982 xr f ger d |
| 040 |
|
|
|a BOA001
|b cze
|c BOA001
|
| 041 |
1 |
|
|a ger
|h cze
|
| 080 |
|
|
|a 56.02:591:084
|2 MRF
|
| 080 |
|
|
|a 084:56.02:591
|2 MRF
|
| 100 |
1 |
|
|a Záruba, Bořivoj,
|d 1939-
|7 jn20010310159
|4 aut
|
| 245 |
1 |
4 |
|a Die Welt der ausgestorbenen Tiere /
|c Bořivoj Záruba ; Illustrationen von Zdeněk Burian
|
| 260 |
|
|
|a Praha :
|b Artia,
|c 1982
|
| 300 |
|
|
|a 61 s.
|
| 500 |
|
|
|a Překlad z češtiny
|
| 700 |
1 |
|
|a Burian, Zdeněk,
|d 1905-1981
|7 jk01020396
|4 ill
|
| 910 |
|
|
|a BOA001
|b 4-0869.941
|
| 990 |
|
|
|a BK
|
| 996 |
6 |
|
|b BC-58097
|c 4-0869.941
|l MZK
|r Sklad / do 1 hodiny
|n 0
|w 000631533
|u 000010
|a 1
|e BOA001
|j MZK50
|s P
|